| 000 | 00858nam a22002297a 4500 | ||
|---|---|---|---|
| 999 |
_c64529 _d64529 |
||
| 005 | 20240530110736.0 | ||
| 008 | 180415s2009 ua a g b 000 0 ara d | ||
| 017 | _bمصر. دار الكتب | ||
| 040 |
_aEG-CaGPL _cEG-CaGPL |
||
| 082 | 0 | 4 |
_221 _a155.4\ _bم ع |
| 100 | 0 | _aمدحت عبدالحميد ابوزيد | |
| 245 | 1 | 0 |
_aعلم نفس الطفل / _cمدحت عبدالحميد ابوزيد . _nالجزء الثانى - _pالخوف والرهاب لدى الاطفال |
| 250 | _aط.1 | ||
| 260 |
_aالقاهرة : _bدار المعرفة الجامعية ، _c2009 . |
||
| 300 |
_a410 ص. ؛ _c24 سم. |
||
| 504 | _aببليوجرافية : ص 351 - 380 | ||
| 650 | 0 | 7 |
_2qrmak _aالاطفال _xعلم نفس |
| 650 | 0 | 7 |
_2qrmak _aالخوف |
| 651 | _2qrmak | ||
| 942 |
_2ddc _cBK |
||